| 000 | 00398nam a2200157Ia 4500 | ||
|---|---|---|---|
| 008 | 230917s9999||||xx |||||||||||||| ||und|| | ||
| 040 |
_e74202 _aMAIN |
||
| 041 | _aEnglish | ||
| 082 | _a658.4 K781M | ||
| 100 | _aKnudson, Harry R | ||
| 245 | 0 | _aManagement: an experiential approach | |
| 250 | _a2nd ed. | ||
| 260 |
_aTokyo _bMcGraw-Hill Kogakusha _c1979 |
||
| 300 | _axii, 287 p. | ||
| 942 | _cBK | ||
| 999 |
_c213754 _d213754 |
||